000 00504nam a2200181Ia 4500
999 _c29346
_d29346
003 OSt
005 20201118112143.0
008 190216s9999||||xx |||||||||||||| ||und||
020 _a9788182644557
040 _coclc
082 _a894.8123
_bMUK/I
100 _aMukhathala, Rahim
_96711
245 0 _aIra /
_cRahim Mukhathala
260 _bGrassroot Publications,
_aKozhikode:
_c2008.
300 _a204p
650 _aNovel
942 _cBK
_2ddc
_h894.8123
_iMUK/I
_k894.8123
_mMUK/I